ბათუმის შოთა რუსთაველის სახელმწიფო უნივერსიტეტის ბიბლიოთეკა

Gray's basic anatomy / (ბიბ.ჩანაწერი № 57476)

000 -LEADER
fixed length control field 01576cam a2200289 i 4500
001 - CONTROL NUMBER
control field 19792333
005 - DATE AND TIME OF LATEST TRANSACTION
control field 20221107171936.0
008 - FIXED-LENGTH DATA ELEMENTS--GENERAL INFORMATION
fixed length control field 170718s2018 paua 001 0 eng c
010 ## - LIBRARY OF CONGRESS CONTROL NUMBER
LC control number 2017287646
020 ## - INTERNATIONAL STANDARD BOOK NUMBER
International Standard Book Number 9780323474047 X
020 ## - INTERNATIONAL STANDARD BOOK NUMBER
International Standard Book Number 0323474047 X
020 ## - INTERNATIONAL STANDARD BOOK NUMBER
International Standard Book Number 9780323474047 X
080 ## - UNIVERSAL DECIMAL CLASSIFICATION NUMBER
Universal Decimal Classification number 612 D-80
082 00 - DEWEY DECIMAL CLASSIFICATION NUMBER
Classification number 612
Edition number 23
100 1# - MAIN ENTRY--PERSONAL NAME
Personal name Drake, Richard L.
Fuller form of name (Richard Lee),
Dates associated with a name 1950-
Relator term author.
9 (RLIN) 8774
245 10 - TITLE STATEMENT
Title Gray's basic anatomy /
Statement of responsibility, etc. Richard L. Drake, PhD, FAA, Director of Anatomy, Professor of Surgery, Cleveland Clinic Lerner College of Medicine, Case Western Reserve University, Cleveland, Ohio, A. Wayne Vogl, PhD, FAA, Professor of Anatomy and Cell Biology, Department of Cellular and Physiological Sciences, Faculty of Medicine, University of British Columbia, Vancouver, British Columbia, Adam W.M. Mitchell, MBBS, FRCS, FRCR, Consultant Radiologist, Chelsea and Westminister Hospital, Honorary Senior Lecturer Imperial College, London, UK ; illustrations by Richard Tibbitts and Paul Richardson ; photographs by Ansell Horn.
250 ## - EDITION STATEMENT
Edition statement Second edition.
264 #1 - PRODUCTION, PUBLICATION, DISTRIBUTION, MANUFACTURE, AND COPYRIGHT NOTICE
Place of production, publication, distribution, manufacture Philadelphia, PA :
Name of producer, publisher, distributor, manufacturer Elsevier,
Date of production, publication, distribution, manufacture, or copyright notice [2018]
300 ## - PHYSICAL DESCRIPTION
Extent xx, 615 pages :
Other physical details color illustrations ;
Dimensions 28 cm
650 12 - SUBJECT ADDED ENTRY--TOPICAL TERM
Topical term or geographic name entry element Anatomy.
Authority record control number or standard number https://id.nlm.nih.gov/mesh/D000715
9 (RLIN) 8776
650 #7 - SUBJECT ADDED ENTRY--TOPICAL TERM
Topical term or geographic name entry element Human anatomy.
Source of heading or term fast
Authority record control number or standard number (OCoLC)fst00962785
9 (RLIN) 8775
653 ## - INDEX TERM--UNCONTROLLED
keyword ადამიანის ანატომია
653 ## - INDEX TERM--UNCONTROLLED
keyword მედიცინა
700 1# - ADDED ENTRY--PERSONAL NAME
Personal name Vogl, Wayne,
Relator term ავტორი
9 (RLIN) 8777
700 1# - ADDED ENTRY--PERSONAL NAME
Personal name Mitchell, Adam W. M,
Relator term ავტორი
9 (RLIN) 8422
942 ## - ADDED ENTRY ELEMENTS (KOHA)
Source of classification or shelving scheme
Koha item type წიგნი
ეგზემპლარები
Withdrawn status Lost status Source of classification or shelving scheme Damaged status Not for loan Permanent Location Current Location Shelving location Date acquired Cost, normal purchase price Full call number Barcode Date last seen Copy number Price effective from Koha item type Public note
          ბათუმის შოთა რუსთაველის სახელმწიფო უნივერსიტეტის მთავარი ბიბლიოთეკა ბათუმის შოთა რუსთაველის სახელმწიფო უნივერსიტეტის მთავარი ბიბლიოთეკა წიგნსაცავი 2020-06-25 161.00 612 D-80 60675 2020-06-25 60675 2020-06-25 წიგნი 161 ლ.